000 00608cam a22002171 4500
001 6612288
003 ARRUPE
005 20170111095037.0
008 820503s1965 gw b 000 0 ger
010 _a 67097265
035 _a(OCoLC)8393332
040 _aDLC
_cICIU
_dDLC
042 _apremarc
050 0 0 _aPT2468.R2
100 1 _aSchiller, Friedrich,
_d1759-1805.
_928212
245 1 4 _aDie Räuber;
_bschauspiel
_cby Friedrich Schiller;
260 _aStuttgart
_bPhilipp Reclam
_c1960
300 _a140p.;
_c16cm.
906 _a7
_bcbc
_coclcrpl
_du
_encip
_f19
_gy-gencatlg
942 _2lcc
_cMONOGRAPH
999 _c125926
_d125926